The quest for security, 1715-1740 / (Record no. 24852)
[ view plain ]
| 000 -LEADER | |
|---|---|
| fixed length control field | 01107cam a2200313 a 4500 |
| 001 - CONTROL NUMBER | |
| control field | 24852 |
| 003 - CONTROL NUMBER IDENTIFIER | |
| rucl marc code | BD-RjUL |
| 005 - DATE AND TIME OF LATEST TRANSACTION | |
| control field | 20211209001115.0 |
| 008 - FIXED-LENGTH DATA ELEMENTS--GENERAL INFORMATION | |
| fixed length control field | 140315s1947 nyucfh b 001 0 eng d |
| 035 ## - SYSTEM CONTROL NUMBER | |
| System control number | (BD-RjUL)24921 |
| 040 ## - CATALOGING SOURCE | |
| Original cataloging agency | BD-RjUL |
| Language of cataloging | eng |
| Transcribing agency | BD-RjUL |
| Modifying agency | BD-RjUL |
| 041 ## - LANGUAGE CODE | |
| Language code of text/sound track or separate title | eng |
| 082 ## - DEWEY DECIMAL CLASSIFICATION NUMBER | |
| Classification number | 940.253 |
| Author mark and year | ROQ 1947 |
| 100 1# - MAIN ENTRY--PERSONAL NAME | |
| Personal name | Roberts, Penfield, |
| Dates associated with a name | 1892-1944. |
| 9 (RLIN) | 76493 |
| 245 14 - TITLE STATEMENT | |
| Title | The quest for security, 1715-1740 / |
| Statement of responsibility, etc. | by Penfield Roberts |
| 260 ## - PUBLICATION, DISTRIBUTION, ETC. (IMPRINT) | |
| Place of publication, distribution, etc. | New York ; |
| -- | London : |
| Name of publisher, distributor, etc. | Harper and Brothers, |
| Date of publication, distribution, etc. | c1947. |
| 300 ## - PHYSICAL DESCRIPTION | |
| Pagination | x., 300 p [27]p. of plates : |
| Illustrations | ports ; |
| Size | 22 cm |
| 490 1# - SERIES STATEMENT | |
| Series statement | Rise of modern Europe |
| 500 ## - GENERAL NOTE | |
| General note | The plates, which precede t.-p., have half-title: Fifty-four illustrations drawn from unusual sources and specially chosen by the author |
| General note | Map on lining-papers |
| General note | "First edition." |
| 504 ## - BIBLIOGRAPHY, ETC. NOTE | |
| Bibliography, etc | Bibliography: p. 264-291 and index. |
| 650 ## - SUBJECT ADDED ENTRY--TOPICAL TERM | |
| Topical term or geographic name as entry element | Europe History 18th century |
| 9 (RLIN) | 73931 |
| 651 #0 - SUBJECT ADDED ENTRY--GEOGRAPHIC NAME | |
| Geographic name | Europe |
| General subdivision | History |
| Chronological subdivision | 18th century |
| 9 (RLIN) | 45541 |
| 830 #0 - SERIES ADDED ENTRY--UNIFORM TITLE | |
| Uniform title | Rise of modern Europe |
| 942 ## - ADDED ENTRY ELEMENTS (KOHA) | |
| Source of classification or shelving scheme | Dewey Decimal Classification |
| Koha item type | Books |
| Lost status | Source of classification or shelving scheme | Damaged status | Not for loan | Collection code | Permanent Location | Current Location | Shelving location | Date acquired | Source of acquisition | Cost, normal purchase price | Total Checkouts | Full call number | Date last seen | Copy number | Koha item type |
|---|---|---|---|---|---|---|---|---|---|---|---|---|---|---|---|
| Dewey Decimal Classification | Non-fiction | Central Library, University of Rajshahi | Central Library, University of Rajshahi | 22/08/1956 | Asia Foundation | 0.00 | 940.253 ROQ 1947 | 15/03/2014 | C-2 | Books | |||||
| Dewey Decimal Classification | Added to bundle | Non-fiction | Central Library, University of Rajshahi | Central Library, University of Rajshahi | Reading Room | 20/09/1955 | B. H. Blackwell | 1.15 | 940.253 ROQ 1947 | 20/03/2014 | C-1 | Books |